000
00299 a2200157 4500
001
174478
020
_a
040
_c
Magnum
100
_a
Albergaria, Lino de
240
1
0
_a
Vento
_l
por
245
1
0
_a
Vento
362
0
_a
1899
440
1
_a
RHJ
697
_a
I/AVENTURA, CRIANCAS
942
_c
BK
999
_c
174478
_d
174478